000 00799nam a2200241Ia 4500
003 OSt
005 20220923211936.0
006 a|||||r|||| 00| 0
007 ta
008 220922b |||||||| |||| 00| 0 hin d
024 _a74,308
037 _cTextual
040 _aARTS
_cARTS
_bhin
041 _2hin
_ahin
082 _aR625x1,1, 152M3
100 _aगोतम
245 0 _aन्यायदर्शनम्
_b वात्स्यायनभाष्यसहितम्
246 _aNyāyadarshanam: vātsyāyanabhāṣhyasahitam
260 _aवाराणसी
_b चौखम्भा संस्कृत संस्थान
_c1983
300 _a688पृ.
_ccm.
942 _hR625x1,1, 152M3
_cTEXL
_2CC
999 _c304720
_d304720